000 03241nam a2200289 i 4500
001 167058
003 ES-MaACL
005 20240529062949.0
008 931025m17761779sp ac |||| | spa d
040 _aCAM
_bspa
_cPAB
100 1 _aVega, Lope de,
_d1562-1635
_9113563
245 1 0 _aColección de las obras sueltas, assi en prosa, como en verso /
_cde D. Frey Lope Felix de Vega Carpio.
_nTomo I [-XXI].
260 _aEn Madrid :
_ben la imprenta de don Antonio de Sancha, en la Aduana Vieja, donde se hallará,
_c1776-1779.
300 _a21 v. ;
_c25 cm.
505 8 _aContiene: t. 1 ;
_tLaurel de Apolo con otras rimas ;
_tEpistola á varias personas - t. 2 ;
_tLa hermosura de Angelica ;
_tLa Philomena ;
_tDescripción de la tapada ;
_tLa andromeda - t. 3 ;
_tLa circe ;
_tLa mañana de San Juan de Madrid ;
_tLa rosa blanca ;
_tLa dragontea ;
_tFiestas de Denia al rey catholico Philipo III - t. 3 y 4 ;
_tPoesias varias - t. 4 ;
_tCorona trágica ;
_tVida y muerte de la serma ;
_tReyna de Escocia Maria Estuarda ;
_tRimas humanas ;
_tArte nuevo de hacer comedias en este tiempo ;
_tDiscurso en prosa sobre la nueva poesia ;
_tQuestion sobre el honor debido á la poesia - t. 5 ;
_tEl peregrino en su patria - t. 6 ;
_tLa Arcadia - t. 7: La Dorotea - t. 8 ;
_tLas fortunas de Diana ;
_tEl desdichado por la honra ;
_tLa mas prudente venganza ; Guzman el bravo ;
_tLas dos venturas sin pensar ;
_tEl pronóstico cumplido ;
_tLa quinta de Laura ;
_tEl zeloso hasta morir ;
_tEl castigo sin venganza - t. 9 y 10 ;
_tLa vega del Parnaso - t. 11 ;
_tEl Isidro: justa poética... que hizo... Madrid a... S. Isidro en su beatificación - t. 12 ;
_tRelación de la fiesta que Madrid hizo en la canonización de... S. Isidro - t. 13 ;
_tTriumphos divinos y otras rimas sacras - t. 14 y 15 ;
_tJerusalen conquistada - t. 15: La virgen de la Almudena ;
_tRomancero espiritual para regalarse el alma con Dios, y Via-Crucis - t. 16 ;
_tLos pastores de Belen - t. 17 ;
_tSoliloquios amorosos de un alma a Dios ;
_tRomances, que se hallan en el Romancero general ;
_tTriumpho de la Fé en los Reynos del Japón - t. 17 y 21 ;
_tVarios versos y prosas. Suplemento - t. 18 ;
_tFiestas del Ssmo. Sacramento repartidas en doce autos sacramentales: con sus loas y entremeses - t. 19 ;
_tRimas humanas y divinas del Lic. Tomé de Burguillos - t. 20 ;
_tPérez de Montalvan (Doctor Juan) ;
_tFama póstuma á la vida y muerte del Doctor Frey Lope Félix de Vega Carpio - t. 21 ;
_tEssequia poetiche ovvero lamento delle muse italiane in morte del Signor Lope de Vega
530 _aDisponible en formato digital.
596 _aFechas de imp.: t. 1-5: 1776, t. 6-15: 1777, t. 16-19: 1778, t. 20-21: 1779.
597 _aSignaturizado.
597 _aAnteport. general en el t. 1, cada obra con portadilla propia.
599 _aH. de lám., grab. calc., con retr. del autor: "Moreno Tejada sc."
650 4 _aLiteratura española-
_yS.XVI-XVII.
_9152334
700 1 _aMoreno Tejada, Juan.
_9130174
700 1 _aSancha, Antonio de.
_9132385
852 _aES-MaACL
_jR-209-29
_z- Enc. pasta
_x- Olim: C-19285-19305
856 _uhttp://bdh-rd.bne.es/viewer.vm?id=0000038925&page=1
_zBiblioteca Digital Hispánica
999 _c167058
_d167058